Beyond the Great Wall : (Record no. 28206)
[ view plain ]
| 000 -LEADER | |
|---|---|
| fixed length control field | 00589nam a2200157 4500 |
| 008 - FIXED-LENGTH DATA ELEMENTS--GENERAL INFORMATION | |
| fixed length control field | 070119s2006 ph a b 000 0 eng |
| 020 ## - INTERNATIONAL STANDARD BOOK NUMBER | |
| International Standard Book Number | 9712717089 :Php544.50/490 |
| 090 ## - LOCALLY ASSIGNED LC-TYPE CALL NUMBER (OCLC); LOCAL CALL NUMBER (OCLC) | |
| Classification number (OCLC) (R) ; Classification number, CALL (RLIN) (NR) | CT1797.5 |
| Local cutter number (OCLC) ; Book number/undivided call number, CALL (RLIN) | .M58 |
| -- | B46 |
| 245 00 - TITLE STATEMENT | |
| Title | Beyond the Great Wall : |
| Remainder of title | a family journal / |
| Statement of responsibility, etc | [Mario Miclat ... et al.]. |
| 260 ## - PUBLICATION, DISTRIBUTION, ETC. (IMPRINT) | |
| Place of publication, distribution, etc | Manila, Philippines : |
| Name of publisher, distributor, etc | Anvil Pub., |
| Date of publication, distribution, etc | 2006. |
| 300 ## - PHYSICAL DESCRIPTION | |
| Extent | 224 p. : |
| Other physical details | ill. ; |
| Dimensions | 23 cm. |
| 504 ## - BIBLIOGRAPHY, ETC. NOTE | |
| Bibliography, etc | Includes bibliographical references. |
| 600 14 - SUBJECT ADDED ENTRY--PERSONAL NAME | |
| Personal name | Miclat family |
| General subdivision | Biography. |
| 951 ## - EQUIVALENCE OR CROSS-REFERENCE-GEOGRAPHIC NAME/AREA NAME [OBSOLETE] [CAN/MARC only] | |
| General subdivision | 00034173 |
| 700 1# - ADDED ENTRY--PERSONAL NAME | |
| Personal name | Miclat, Mario. |
| 951 ## - EQUIVALENCE OR CROSS-REFERENCE-GEOGRAPHIC NAME/AREA NAME [OBSOLETE] [CAN/MARC only] | |
| -- | 30107 |
| -- | CT1797.5/.M58/B46 |
| -- | 070613111621812 |
| -- | 2000-12-21 |
| -- | SP-C FIL |
| Withdrawn status | Lost status | Damaged status | Not for loan | Home library | Current library | Shelving location | Date acquired | Accession number | Shelving control number | Total Checkouts | Full call number | Barcode | Date last seen | Price effective from | Koha item type |
|---|---|---|---|---|---|---|---|---|---|---|---|---|---|---|---|
| BSOP Library | BSOP Library | Special Collections Filipiniana | 12/21/2000 | 30107 | 127 | CT1797.5/.M58/B46 | 00034173 | 02/23/2013 | 02/23/2013 | Books |
